Statistics for Most Populous US Cities with Two Vowels

Click here to take the quiz!

General Stats

  • This quiz has been taken 55 times
  • The average score is 9 of 12

Answer Stats

Population State City % Correct
21.9mNew YorkNew York
98%
7.35mMassachusettsBoston
98%
3.50mColoradoDenver
96%
6.50mTexasDallas
96%
2.25mOregonPortland
90%
2.07mPennsylvaniaPittsburgh
87%
1.02mVirginiaRichmond
81%
1.70mConnecticutHartford
73%
1.15mTennesseeMemphis
63%
4.00mFloridaTampa
63%
1.26mTexasMc{Allen}
50%
1.20mCaliforniaS{tock}ton
44%

Score Distribution

Percentile by Number Answered

Percent of People with Each Score

Your Score History

You have not taken this quiz